Central Library and Information Centre
Sibsagar Girls' College, Sivasagar : Assam

LOVE CANONIZED : THE POETRY OF SPENCER AND DONNE (Record no. 28547)

MARC details
000 -LEADER
fixed length control field 00443cam a2200169ua 4500
001 - CONTROL NUMBER
control field 25300
005 - DATE AND TIME OF LATEST TRANSACTION
control field 20220606103339.0
008 - FIXED-LENGTH DATA ELEMENTS--GENERAL INFORMATION
fixed length control field 211209b ||||| |||| 00| 0 eng d
040 ## - CATALOGING SOURCE
Transcribing agency
082 ## - DEWEY DECIMAL CLASSIFICATION NUMBER
Classification number 822
Item number LOV
100 ## - MAIN ENTRY--PERSONAL NAME
Personal name EDITED BY MAHAPATRA, ARUN & OTHERS
Relator term EDITOR
245 ## - TITLE STATEMENT
Title LOVE CANONIZED : THE POETRY OF SPENCER AND DONNE
Medium ENG
250 ## - EDITION STATEMENT
Edition statement 1ST
260 ## - PUBLICATION, DISTRIBUTION, ETC.
Place of publication, distribution, etc. NEW DELHI
Name of publisher, distributor, etc. WORLDVIEW
Date of publication, distribution, etc. 2014
300 ## - PHYSICAL DESCRIPTION
Extent 436p.;
Dimensions 22CM
942 ## - ADDED ENTRY ELEMENTS (KOHA)
Source of classification or shelving scheme Dewey Decimal Classification
Koha item type Books

No items available.



Sibsagar Girl's College © 2020. All rights reserved.
Powered by Koha.
Maintained by Abhijit Borpuzari.